000 00553nam a2200181Ia 4500
001 55401
008 120926n ii |||gr||||Z||||||465
020 _a9788177082975
082 _a332
100 _aLazer, Daniel ,
_eAuthor.
245 0 _aFinancial Derivatives :
_bConcepts, Components and Functions /
_cDaniel Lazer & Babu Bose .
_hTextual Documents
260 _aNew Delhi:
_bNew Century Publications,
_c2012.
653 _aFinancial economics
653 _aEconomics
653 _aG-Economics
700 _aBose, Babu ,
_eAuthor.
942 _2ddc
_cBK
999 _c55334
_d55334